NBA Starting Lineups '21-2022 (No Injuries) - Statistics

General Stats
  • This quiz has been taken 7,797 times
    5,580 since last reset
  • The average score is 86 of 150
Answer Stats
Team Position Player % Correct
76ers C Joel Embiid
97%
76ers SG James Harden
93%
Heat SF Jimmy Butler
92%
Bucks PF Giannis Antetokounmpo
90%
Mavericks PG Luka Doncic
90%
Hornets PG LaMelo Ball
88%
Nets PF Kevin Durant
86%
Nets PG Kyrie Irving
86%
Lakers SF LeBron James
86%
Bulls PG Lonzo Ball
86%
Celtics SF Jayson Tatum
85%
Bucks PG Jrue Holiday
85%
76ers PG Tyrese Maxey
85%
Heat C Bam Adebayo
84%
Warriors PF Draymond Green
84%
Celtics SF Jaylen Brown
84%
Bucks SF Khris Middleton
84%
Bucks C Brook Lopez
83%
Spurs PG Dejounte Murray
83%
Jazz SG Donovan Mitchell
83%
Nuggets PG Jamal Murray
83%
Nuggets C Nikola Jokic
83%
Warriors PG Stephen Curry
83%
76ers SF Danny Green
82%
Rockets SG Jalen Green
82%
Bulls PF Patrick Williams
82%
Nets SG Seth Curry
82%
Lakers C Anthony Davis
81%
Suns PG Chris Paul
81%
Bulls SF DeMar DeRozan
81%
Suns SG Devin Booker
81%
Grizzlies PG Ja Morant
81%
Clippers SF Kawhi Leonard
81%
Clippers SG Paul George
81%
Celtics C Robert Williams III
81%
Jazz C Rudy Gobert
81%
Kings PG De'Aaron Fox
80%
Heat PG Kyle Lowry
80%
Hawks PG Trae Young
80%
Nets SF Joe Harris
79%
76ers PF Tobias Harris
79%
Bulls SG Zach Lavine
79%
Cavaliers C Jarrett Allen
77%
Pelicans PF Zion Williamson
77%
Cavaliers PG Darius Garland
76%
Bucks SG Grayson Allen
76%
Trail Blazers PG Damian Lillard
75%
Warriors SG Klay Thompson
75%
Lakers PG Russell Westbrook
75%
Thunder SG Shai Gilgeous-Alexander
75%
Kings PF Domantas Sabonis
74%
Timberwolves C Karl-Anthony Towns
74%
Suns C DeAndre Ayton
73%
Grizzlies PF Jaren Jackson Jr.
73%
Suns SF Mikal Bridges
73%
Hornets PF Miles Bridges
73%
Celtics C Al Horford
71%
Celtics PG Marcus Smart
71%
Bulls C Nikola Vucevic
70%
Mavericks PG Jalen Brunson
69%
Pacers SG Tyrese Haliburton
68%
Trail Blazers SG Anfernee Simons
67%
Timberwolves SF Anthony Edwards
67%
Pelicans SF Brandon Ingram
67%
Knicks PF Julius Randle
67%
Clippers PG Reggie Jackson
67%
Grizzlies C Steven Adams
67%
Hawks C Clint Capela
66%
Rockets PG Kevin Porter Jr.
65%
Nuggets SF Michael Porter Jr.
65%
Knicks C Mitchell Robinson
65%
Warriors SF Andrew Wiggins
64%
Jazz PG Mike Conley Jr.
64%
Wizards SG Bradley Beal
63%
Cavaliers PF Evan Mobley
63%
Raptors PF Pascal Siakam
62%
Nuggets PF Aaron Gordon
61%
Pistons PG Cade Cunningham
61%
Pelicans SG C.J. McCollum
61%
Rockets SG Eric Gordon
61%
Clippers C Ivica Zubac
61%
Grizzlies SF Desmond Bane
60%
Warriors C Kevon Looney
60%
Pacers C Myles Turner
59%
Wizards C Kristaps Porzingis
58%
Timberwolves SG D'Angelo Russell
57%
Hawks PF John Collins
57%
Kings SF Harrison Barnes
56%
Heat PF P.J. Tucker
56%
Lakers SF Carmelo Anthony
55%
Raptors PG Fred VanVleet
55%
Raptors PF Scottie Barnes
55%
Knicks SF RJ Barrett
54%
Magic PG Cole Anthony
53%
Hornets SG Terry Rozier III
53%
Cavaliers SG Collin Sexton
52%
Thunder PG Josh Giddey
52%
Spurs PF Keldon Johnson
52%
Pelicans C Jonas Valanciunas
51%
Lakers SF Stanley Johnson
51%
Hawks SG Bogdan Bogdanovic
50%
Jazz SF Bojan Bogdanovic
50%
Grizzlies SF Dillon Brooks
50%
Trail Blazers C Jusuf Nurkic
50%
Mavericks PF Dorian Finney-Smith
49%
Pacers SF Buddy Hield
47%
Mavericks C Dwight Powell
45%
Hornets SF Gordon Hayward
43%
Spurs C Jakob Poeltl
41%
Cavaliers SF Lauri Markkanen
41%
Hornets C Mason Plumlee
41%
Hawks SF De'Andre Hunter
40%
Suns PF Jae Crowder
40%
Wizards PF Kyle Kuzma
40%
Wizards SF Kentavious Caldwell-Pope
39%
Magic SF Franz Wagner
38%
Pistons PF Jerami Grant
38%
Thunder SF Lu Dort
36%
Magic C Wendell Carter Jr.
36%
Rockets C Christian Wood
34%
Raptors SF OG Anunoby
34%
Timberwolves PG Patrick Beverley
33%
Magic PG Jalen Suggs
32%
Pelicans SF Herbert Jones
31%
Trail Blazers SF Josh Hart
29%
Pacers PG Malcom Brogdon
27%
Pistons C Isaiah Stewart
26%
Raptors SG Gary Trent Jr.
25%
Pistons SF Saddiq Bey
25%
Knicks SG Evan Fournier
23%
Clippers PF Nicolas Batum
23%
Nuggets SG Will Barton
22%
Spurs SF Devin Vassell
21%
Timberwolves PF Jarred Vanderbilt
20%
Mavericks PF Reggie Bullock
20%
Pistons SG Killian Hayes
19%
Kings C Richaun Holmes
17%
Jazz PF Royce O'Neale
17%
Magic PF Jonathan Isaac
15%
Thunder PF Darius Bazley
10%
Pacers PF T.J. Warren
10%
Knicks PG Alec Burks
8%
Rockets PF Jae'Sean Tate
7%
Thunder C Isaiah Roby
3%
Heat SG Max Strus
2%
Kings SG Davion Mitchell
1%
Nets C Nicolas Claxton
1%
Wizards PG Tomas Satoransky
1%
Spurs SG Josh Primo
0%
Trail Blazers PF Nassir Little
0%
No matching quizzes found
Score Distribution
Percent of People with Each Score
Percentile by Number Answered
Your Score History
You have not taken this quiz since the last reset